Négy szegedit tüntettek ki Kossuth-díjjal

Elmentve itt :
Bibliográfiai részletek
Dokumentumtípus: Cikk
Megjelent: 1949-03-13
Sorozat:Délmagyarország
Kulcsszavak:Nagy Sándor, Bruckner Győző, Obermayer Ernő 1888-1969, Gerendás Mihály, Kossuth-díj Szeged 1949
Online Access:http://dmarchiv.bibl.u-szeged.hu/52181
LEADER 00490nab a2200145 i 4500
001 delm52181
005 20180927141942.0
008 180927s1949 hu o 0|| hun d
040 |a SZTE Délmagyarország Archívum  |b hun 
041 |a hun 
245 0 0 |a Négy szegedit tüntettek ki Kossuth-díjjal  |h [elektronikus dokumentum] 
260 |c 1949-03-13 
300 |a 1 
490 0 |a Délmagyarország 
695 |a Nagy Sándor, Bruckner Győző, Obermayer Ernő 1888-1969, Gerendás Mihály, Kossuth-díj Szeged 1949